5HLuxD.jpg

KING HENRY VIII SENIOR AND PRIMARY SCHOOL LIBRARY OPAC

Learner's Korean-English dictionary / (Record no. 5722)

000 -LEADER
fixed length control field 01530nam a2200289 i 4500
003 - CONTROL NUMBER IDENTIFIER
control field OSt
005 - DATE AND TIME OF LATEST TRANSACTION
control field 20251027091840.0
008 - FIXED-LENGTH DATA ELEMENTS--GENERAL INFORMATION
fixed length control field 160902s2012 vtuao e d 001 0 eng d
020 ## - INTERNATIONAL STANDARD BOOK NUMBER
International Standard Book Number 9780804841504
040 ## - CATALOGING SOURCE
Original cataloging agency DLC
Language of cataloging eng
Modifying agency YDX
-- BTCTA
-- UKMGB
-- BDX
-- YDXCP
-- VP@
-- ORX
-- BWX
-- OCLCF
-- ALAUL
-- OCLCQ
-- UkOxU
-- CaOL
Description conventions rda
Transcribing agency KH8
082 ## - DEWEY DECIMAL CLASSIFICATION NUMBER
Classification number 495.7 PAR
100 1# - MAIN ENTRY--PERSONAL NAME
Personal name Park, Kyubyong,
Relator term author.
245 10 - TITLE STATEMENT
Title Learner's Korean-English dictionary /
Statement of responsibility, etc. Kyubyong Park.
246 30 - VARYING FORM OF TITLE
Title proper/short title Korean-English dictionary.
264 #1 - PRODUCTION, PUBLICATION, DISTRIBUTION, MANUFACTURE, AND COPYRIGHT NOTICE
Place of production, publication, distribution, manufacture North Clarendon, VT :
Name of producer, publisher, distributor, manufacturer Tuttle Publishing,
Date of production, publication, distribution, manufacture, or copyright notice 2012.
300 ## - PHYSICAL DESCRIPTION
Extent xii, 338 pages :
Other physical details illustrations ;
Dimensions 26 cm.
336 ## - CONTENT TYPE
Content type term text
Source rdacontent.
337 ## - MEDIA TYPE
Media type term unmediated
Source rdamedia.
338 ## - CARRIER TYPE
Carrier type term volume
Source rdacarrier.
500 ## - GENERAL NOTE
General note Includes index.
520 ## - SUMMARY, ETC.
Summary, etc. Finally, here is the dictionary that learners have been waiting for: one that specifically answers the needs of English speakers who are studying Korean. Designed for learners who are a elementary to intermediate level, it contains over 5,600 Korean headwords, including the most essential contemporary words, commonly used example phrases, and business and technical terms. Along with refreshingly clear English definitions, the entries are packed with helpful extra details that make learning easier.--Back cover.
650 #0 - SUBJECT ADDED ENTRY--TOPICAL TERM
Topical term or geographic name entry element Korean language
Form subdivision Dictionaries
General subdivision English.
650 #0 - SUBJECT ADDED ENTRY--TOPICAL TERM
Topical term or geographic name entry element English language
Form subdivision Dictionaries
General subdivision Korean.
650 #0 - SUBJECT ADDED ENTRY--TOPICAL TERM
Topical term or geographic name entry element Korean language
General subdivision Self-instruction.
650 #0 - SUBJECT ADDED ENTRY--TOPICAL TERM
Topical term or geographic name entry element Korean language
General subdivision Study and teaching
-- English speakers.
942 ## - ADDED ENTRY ELEMENTS (KOHA)
Source of classification or shelving scheme
Koha item type Reference
Holdings
Withdrawn status Lost status Source of classification or shelving scheme Damaged status Not for loan Collection code Permanent Location Current Location Shelving location Date acquired Full call number Barcode Date last seen Price effective from Koha item type
          Reference KH8 Senior School Library KH8 Senior School Library Reference 2025-10-27 495.7 PAR 3KHSL000102456 2025-10-27 2025-10-27 Reference

Powered By KH8 IT Dept